| 000 | 02268nam0a2200397 i 4500 | ||
|---|---|---|---|
| 001 | RU\NLR\bibl\1965906 | ||
| 005 | 20260406012656.0 | ||
| 010 |
_a9785804412754 _9200 |
||
| 021 |
_aRU _b2012-79958 _95934 |
||
| 035 | _a(NLR Aleph) 001954836 | ||
| 090 |
_a3745037 _c3745037 |
||
| 100 | _a20121112d2012 k y0rusy50 ca | ||
| 101 | 0 |
_arus _deng _eeng |
|
| 102 | _aRU | ||
| 105 | _aa ||||||||| | ||
| 200 | 1 |
_aМолекулярные межфазные взаимодействия в почвах _dMolecular interphase interactions in soils _fГ.В. Харитонова, Е.В. Шеин, Б.А. Воронов _gФедер. гос. бюджет. учреждение науки Ин-т вод. и экол. проблем Дальневост. отд-ния РАН, Моск. гос. ун-т им. М.В. Ломоносова, Фак. почвоведения _zeng |
|
| 210 |
_aВладивосток _cДальнаука _d2012 |
||
| 215 |
_a170, [2] с. _cил., цв. ил. _d24 |
||
| 300 | _aАвт. также на англ. яз.: G.V. Kharitonova, E.V. Shein, B.A. Voronov | ||
| 300 | _aНа 4-й с. обл. авт.: Харитонова Г.В., д.б.н., Шеин Е.В., проф., д.б.н., Воронов Б.А., чл.-кор. РАН, д.б.н. | ||
| 300 | _aРез. на англ. яз. | ||
| 320 | _aБиблиогр.: с. 142-157 (329 назв.) | ||
| 510 | 0 |
_6z45790 _aMolecular interphase interactions in soils _zeng |
|
| 606 | 1 |
_aПочвы _xМолекулярные взаимодействия _xФизико-химические исследования _92128018 _3RU\NLR\auth\661588079 |
|
| 686 | _aП032.2 | ||
| 686 | _aП032.4с1 | ||
| 700 | 1 |
_4070 _8rus _7ca _aХаритонова _bГ. В. _gГалина Владимировна _3RU\NLR\auth\77118178 _9101103 |
|
| 701 | 1 |
_aШеин _bЕ. В. _gЕвгений Викторович _4070 |
|
| 701 | 1 |
_4070 _7ca _8rus _aВоронов _bБ. А. _cд-р биол. наук _f1947- _gБорис Александрович _9247836 _3RU\NLR\AUTH\770247892 |
|
| 790 | 1 |
_4070 _8rus _7ba _aCharitonova _bG. V. _gGalina Vladimirovna _3RU\NLR\auth\77118177 _9101102 |
|
| 801 | 0 |
_aRU _bNLR _c20121112 _gRCR |
|
| 801 | 1 |
_aRU _bNLR _c20121112 |
|
| 942 | _cBOOK | ||
| 980 | _aNBR | ||